000 00651nam a22001937a 4500
005 20131217143817.0
010 _aENG-108848
020 _a9789381176573
_c895.00
035 _aEN-92381
037 _bDBAD/PUB
082 _a378.54
100 _aMohapatra, Rajanikanta
245 _aExamination system in higher education of India /
_cby Rajanikanta Mohapatra
260 _aNew Delhi
_bSSDN Publishers and Distributors
_c2013
270 _a5A, Sahni Mansion, Ansari Road Daryaganj
_bNew Delhi
_e110002
300 _axi,273p.
_c22cm(Hb)
500 _aIncludes bibliographical references and index
942 _2ddc
_cEN
_mMOH
_h378.54
999 _c81196
_d81196